[Event "XXXV Memorial Edoardo Crespi A"]
[Site "Milano ITA"]
[Date "2014.12.07"]
[Round "5"]
[White "Miracola, Giorgia"]
[Black "Botta, Massimiliano"]
[WhiteElo "1856"]
[BlackElo "1786"]
[Result "1-0"]
[PlyCount "95"]
[EventDate "2014.12.04"]

1. e4 e5 2. Nf3 Nc6 3. Bc4 Nf6 4. d4 exd4 5. e5 d5 6. Bb5 Nd7 7. O-O Be7 8.
Bxc6 bxc6 9. Nxd4 Nb8 10. Nc3 O-O 11. Qf3 Qd7 12. Re1 Qg4 13. Qxg4 Bxg4 14. Bf4
a6 15. Kf1 Be6 16. Rad1 c5 17. Nf3 c6 18. a4 a5 19. h3 Na6 20. g4 h5 21. Nh2
Rab8 22. Bc1 Nb4 23. Rd2 Bg5 24. Rdd1 Bh4 25. Rd2 Rbe8 26. Nf3 Bd8 27. Nh2 Bc7
28. f4 g6 29. Kg1 hxg4 30. Nxg4 Bxg4 31. hxg4 f6 32. Rde2 fxe5 33. fxe5 d4 34.
Ne4 Nd5 35. Nxc5 Bb6 36. Nd3 c5 37. b3 Nb4 38. Kg2 Nxd3 39. cxd3 Re6 40. Bg5
Bd8 41. Bxd8 Rxd8 42. Kf3 Rd5 43. Kf4 Kf8 44. Rh2 Kg7 45. Rh3 Re7 46. Rh2 Re8
47. e6 Kf6 48. Rhe2 1-0

[Event "XXXV Memorial Edoardo Crespi A"]
[Site "Milano ITA"]
[Date "2014.12.07"]
[Round "5"]
[White "Monticone, Sonia"]
[Black "Mazzoccoli, Simone"]
[WhiteElo "1902"]
[BlackElo "1802"]
[Result "1-0"]
[PlyCount "53"]
[EventDate "2014.12.04"]

1. c4 g6 2. Nc3 Bg7 3. d4 Nf6 4. e4 d6 5. Be2 O-O 6. Bg5 c5 7. d5 h6 8. Be3 e6
9. Qd2 exd5 10. cxd5 Kh7 11. f3 Na6 12. g4 Nc7 13. h4 Ng8 14. Nh3 Bd7 15. Ng5+
Kh8 16. h5 b5 17. hxg6 fxg6 18. Bd1 Qf6 19. Rb1 Rae8 20. Ne6 Nxe6 21. dxe6 Qxe6
22. Nd5 Rc8 23. Bxh6 Nxh6 24. g5 Bc6 25. Nf6 Rcd8 26. Qh2 d5 27. Qxh6+ 1-0

[Event "XXXV Memorial Edoardo Crespi A"]
[Site "Milano ITA"]
[Date "2014.12.07"]
[Round "5"]
[White "Moreschi, Mauro"]
[Black "Ranfagni, Stefano"]
[WhiteElo "1795"]
[BlackElo "2016"]
[Result "1-0"]
[PlyCount "59"]
[EventDate "2014.12.04"]

1. e4 e6 2. b3 d5 3. Bb2 dxe4 4. Nc3 Nf6 5. Qe2 Bb4 6. O-O-O Qe7 7. Nxe4 Ba3 8.
d4 Bxb2+ 9. Kxb2 a5 10. a3 O-O 11. Nxf6+ Qxf6 12. Qf3 Qe7 13. Nh3 Nc6 14. Bd3
g6 15. c3 Bd7 16. Rhe1 Rfb8 17. d5 Nd8 18. dxe6 Nxe6 19. Be4 Ra6 20. Nf4 b5 21.
Nd5 Qg5 22. Nf6+ Kg7 23. Nxd7 Rd8 24. Qg3 Qe7 25. Qe5+ f6 26. Qxb5 Rd6 27. Bc6
Rxd1 28. Rxd1 Nf4 29. Bf3 g5 30. Nc5 1-0

[Event "XXXV Memorial Edoardo Crespi A"]
[Site "Milano ITA"]
[Date "2014.12.07"]
[Round "5"]
[White "Mouflih, Caesar Faycal"]
[Black "Bonassi, Tommaso"]
[WhiteElo "2023"]
[BlackElo "1981"]
[Result "1-0"]
[PlyCount "59"]
[EventDate "2014.12.04"]

1. e4 c5 2. Nf3 d6 3. d4 cxd4 4. Nxd4 Nf6 5. f3 g6 6. Be3 Bg7 7. Bb5+ Nbd7 8.
Qd2 a6 9. Bxd7+ Bxd7 10. a4 Rc8 11. Nc3 h5 12. O-O Bc6 13. Rfd1 Nd7 14. Nce2
Ne5 15. b3 h4 16. h3 Bd7 17. c4 Rb8 18. Rac1 b6 19. Nc3 Rh5 20. Nd5 Nc6 21.
Nxc6 Bxc6 22. Nb4 Qc8 23. Bd4 Bxd4+ 24. Qxd4 Kf8 25. Nd5 Be8 26. Nxe7 Qc5 27.
Nd5 Qxd4+ 28. Rxd4 b5 29. cxb5 axb5 30. a5 1-0

[Event "XXXV Memorial Edoardo Crespi A"]
[Site "Milano ITA"]
[Date "2014.12.07"]
[Round "5"]
[White "Nepi, Ezio"]
[Black "Laurino, Alberto"]
[WhiteElo "1962"]
[BlackElo "1770"]
[Result "1-0"]
[PlyCount "53"]
[EventDate "2014.12.04"]

1. d4 Nf6 2. c4 g6 3. Nc3 Bg7 4. e4 d6 5. Be2 O-O 6. Nf3 Nbd7 7. O-O e5 8. Be3
Ng4 9. Bg5 Ngf6 10. h3 c6 11. d5 c5 12. Rb1 a6 13. Ne1 Qc7 14. Nd3 Re8 15. b4
b6 16. bxc5 bxc5 17. Qa4 Bb7 18. Nc1 h6 19. Bd2 Nh7 20. Nb3 Nb6 21. Qa5 Nf8 22.
Nxc5 Qxc5 23. Qxb6 Qxb6 24. Rxb6 Bc8 25. Rxd6 Nd7 26. Rb1 Nf6 27. Bxh6 1-0

[Event "XXXV Memorial Edoardo Crespi A"]
[Site "Milano ITA"]
[Date "2014.12.07"]
[Round "5"]
[White "Ni, Polina"]
[Black "Andolfatto, Maria"]
[WhiteElo "1864"]
[BlackElo "1751"]
[Result "1-0"]
[PlyCount "89"]
[EventDate "2014.12.04"]

1. e4 e5 2. Nf3 Nc6 3. Bb5 Nd4 4. Bc4 Nxf3+ 5. Qxf3 Qf6 6. Qg3 h6 7. Nc3 c6 8.
O-O Bc5 9. d3 Ne7 10. Be3 Bd6 11. f4 Rf8 12. fxe5 Bxe5 13. Rxf6 Bxg3 14. Rf3
Bc7 15. Raf1 f6 16. d4 d6 17. Bf4 Ng6 18. Bg3 Bg4 19. R3f2 O-O-O 20. h3 Bh5 21.
Rf5 Nf4 22. Bxf4 Bg6 23. Be6+ Kb8 24. Be3 Bxf5 25. Rxf5 Bb6 26. Na4 Bc7 27. c4
Ka8 28. b4 Rb8 29. Rf3 Rfe8 30. d5 Re7 31. Bd4 b5 32. cxb5 Rxb5 33. a3 a5 34.
Rb3 Rb8 35. Rb2 h5 36. Kf2 Bd8 37. Kf3 Bc7 38. Ke3 Bd8 39. Kd3 Bc7 40. Kc4 Bd8
41. Rb3 Bc7 42. Bf5 cxd5+ 43. Kxd5 Rb7 44. b5 h4 45. b6 1-0

[Event "XXXV Memorial Edoardo Crespi A"]
[Site "Milano ITA"]
[Date "2014.12.07"]
[Round "5"]
[White "Sibajeva, Marija"]
[Black "Virzi, Ettore"]
[WhiteElo "1817"]
[BlackElo "1966"]
[Result "1-0"]
[PlyCount "51"]
[EventDate "2014.12.04"]

1. e4 e5 2. Nf3 Nc6 3. Bb5 a6 4. Ba4 Nf6 5. d3 b5 6. Bb3 Bc5 7. Nc3 d6 8. O-O
Na5 9. Bg5 c6 10. d4 Nxb3 11. axb3 exd4 12. Nxd4 Bg4 13. f3 h6 14. Bh4 Bd7 15.
Kh1 Qb6 16. Nf5 Bxf5 17. exf5 d5 18. Re1+ Kf8 19. Qd2 Kg8 20. Qf4 Rd8 21. Qg3
Kh7 22. Bxf6 gxf6 23. Qh4 Kg7 24. Re2 Rde8 25. Rae1 Bf2 26. Qg4+ 1-0

[Event "XXXV Memorial Edoardo Crespi A"]
[Site "Milano ITA"]
[Date "2014.12.07"]
[Round "5"]
[White "Sics, Maksims"]
[Black "Pollio, Ciro"]
[WhiteElo "1861"]
[BlackElo "1774"]
[Result "1/2-1/2"]
[PlyCount "51"]
[EventDate "2014.12.04"]

1. d4 d5 2. c4 e6 3. Nf3 c5 4. e3 Nf6 5. Nc3 Nc6 6. cxd5 exd5 7. Bb5 a6 8.
Bxc6+ bxc6 9. Ne5 Qc7 10. O-O Bd6 11. f4 O-O 12. Qc2 cxd4 13. exd4 c5 14. Be3
cxd4 15. Bxd4 Ne4 16. Rac1 Nxc3 17. Qxc3 Qxc3 18. Rxc3 f6 19. Nc6 Re8 20. Bc5
Bxc5+ 21. Rxc5 Re2 22. Rd1 Bb7 23. Na5 Rxb2 24. Nxb7 Rxb7 25. Rcxd5 Rb2 26.
R1d2 1/2-1/2

[Event "XXXV Memorial Edoardo Crespi A"]
[Site "Milano ITA"]
[Date "2014.12.07"]
[Round "5"]
[White "Valdettaro, Filippo"]
[Black "Sannino, Raffaele"]
[WhiteElo "1750"]
[BlackElo "2025"]
[Result "0-1"]
[PlyCount "60"]
[EventDate "2014.12.04"]

1. e4 g6 2. d4 Bg7 3. Nc3 d6 4. f4 a6 5. Nf3 Bg4 6. Be3 Nc6 7. d5 Bxf3 8. gxf3
Nb8 9. Qd2 c6 10. dxc6 bxc6 11. Bd4 Nf6 12. O-O-O O-O 13. Bxf6 Bxf6 14. e5 Bg7
15. exd6 exd6 16. Qxd6 Qb6 17. Rd3 a5 18. Na4 Qa7 19. Nc5 Na6 20. Nxa6 Qxa6 21.
Rc3 Qa7 22. Rxc6 Rad8 23. Qc5 Qb8 24. Bb5 Qxf4+ 25. Kb1 Qxf3 26. Rc1 Bh6 27. b3
Bxc1 28. Kxc1 Qf4+ 29. Kb2 Qxh2 30. Bc4 Qd2 0-1

[Event "XXXV Memorial Edoardo Crespi A"]
[Site "Milano ITA"]
[Date "2014.12.07"]
[Round "5"]
[White "Villalba, Fernando"]
[Black "Nordio, Giorgio"]
[WhiteElo "1848"]
[BlackElo "1766"]
[Result "0-1"]
[PlyCount "88"]
[EventDate "2014.12.04"]

1. d4 c6 2. Nf3 d5 3. c3 Nf6 4. Bf4 Bf5 5. e3 e6 6. Nbd2 Nbd7 7. Be2 Be7 8. h3
h6 9. O-O O-O 10. Rc1 c5 11. dxc5 Nxc5 12. c4 Rc8 13. cxd5 Nxd5 14. Bh2 Bh7 15.
Nd4 Bg6 16. a3 Nd7 17. N2f3 a6 18. Bg3 Qb6 19. Qb3 Bh7 20. Ne5 Qxb3 21. Nxb3
Nxe5 22. Bxe5 Bg6 23. Bf3 Bd3 24. Rfd1 Bc2 25. Nd4 Bxd1 26. Rxd1 Rfd8 27. Bg4
Nb6 28. Rb1 Bd6 29. Bxd6 Rxd6 30. Bf3 Rc7 31. b4 e5 32. Nb3 f5 33. Nc5 e4 34.
Bd1 Kf8 35. Bb3 Ke7 36. f3 Nd7 37. Bc4 Nxc5 38. bxc5 Rdc6 39. fxe4 Rxc5 40. Bf1
fxe4 41. Rb4 Re5 42. g4 a5 43. Rd4 Rc3 44. Kf2 Rxa3 0-1

[Event "XXXV Memorial Edoardo Crespi A"]
[Site "Milano ITA"]
[Date "2014.12.08"]
[Round "6"]
[White "Andolfatto, Maria"]
[Black "Sics, Maksims"]
[WhiteElo "1751"]
[BlackElo "1861"]
[Result "1-0"]
[PlyCount "35"]
[EventDate "2014.12.04"]

1. Nf3 d5 2. b3 Nf6 3. Bb2 e6 4. e3 Bd6 5. d3 Nc6 6. c4 e5 7. Nbd2 Bg4 8. Be2
Qd7 9. cxd5 Nxd5 10. O-O O-O-O 11. Nc4 f6 12. a3 g5 13. b4 h5 14. Rc1 h4 15.
Qa4 Kb8 16. b5 Nce7 17. Nxd6 Qxd6 18. Qxg4 1-0

[Event "XXXV Memorial Edoardo Crespi A"]
[Site "Milano ITA"]
[Date "2014.12.08"]
[Round "6"]
[White "Blasco, Domenico"]
[Black "Lavorgna, Filippo"]
[WhiteElo "1902"]
[BlackElo "1739"]
[Result "1-0"]
[PlyCount "109"]
[EventDate "2014.12.04"]

1. d4 Nf6 2. Nf3 e6 3. e3 b6 4. Nbd2 Bb7 5. Bd3 Be7 6. O-O O-O 7. Re1 d6 8. e4
c5 9. c3 h6 10. Nf1 Re8 11. Ng3 Bf8 12. h3 g6 13. Nh2 cxd4 14. cxd4 Nc6 15. Be3
Bg7 16. Rc1 Nd7 17. Nf3 Kh7 18. Bb5 Ncb8 19. a3 a6 20. Bd3 Nc6 21. Bb1 b5 22.
Qd2 Nb6 23. b3 d5 24. e5 Qe7 25. Nh5 Qf8 26. Nxg7 Qxg7 27. Nh2 h5 28. Bg5 Nd7
29. Nf3 Rh8 30. Bf4 Kg8 31. h4 Kf8 32. Rc3 Rc8 33. Rec1 Ndb8 34. Bg5 Nd7 35.
Qe3 Kg8 36. Qd2 Kh7 37. Bd3 Rhe8 38. Be3 Nb6 39. Bg5 Nd7 40. Bf4 Nb6 41. Bb1
Nd7 42. Kh2 Rh8 43. R1c2 Rhe8 44. Qc1 Ndb8 45. Bg5 Kg8 46. Bf6 Qf8 47. Qg5 Nd7
48. Rc1 Nxf6 49. exf6 Kh8 50. Ne5 Nxe5 51. dxe5 Qg8 52. Rc7 Rf8 53. b4 Ba8 54.
Rxc8 Rxc8 55. Qh6+ 1-0

[Event "XXXV Memorial Edoardo Crespi A"]
[Site "Milano ITA"]
[Date "2014.12.08"]
[Round "6"]
[White "Bonassi, Tommaso"]
[Black "Nepi, Ezio"]
[WhiteElo "1981"]
[BlackElo "1962"]
[Result "1-0"]
[PlyCount "161"]
[EventDate "2014.12.04"]

1. e4 c5 2. Nc3 Nc6 3. f4 e6 4. Nf3 d5 5. Bb5 Nge7 6. d3 a6 7. Bxc6+ Nxc6 8. a4
Be7 9. O-O O-O 10. Kh1 b6 11. Bd2 Bb7 12. Ng5 Nd4 13. Rc1 b5 14. exd5 exd5 15.
Qg4 f6 16. Ne6 Nxe6 17. Qxe6+ Kh8 18. Rce1 Re8 19. f5 d4 20. Nd1 Bd5 21. Qe2
Qd7 22. Qh5 Bd6 23. Nf2 Qc6 24. Qg4 Rxe1 25. Rxe1 bxa4 26. Ne4 Be5 27. Bf4 Re8
28. Kg1 c4 29. Ng3 Bxf4 30. Rxe8+ Qxe8 31. Qxf4 Qe3+ 32. Qxe3 dxe3 33. Ne2 Kg8
34. Nc3 cxd3 35. cxd3 Bc6 36. Kf1 Kf7 37. Ne4 Ke7 38. Ke2 g6 39. g4 gxf5 40.
gxf5 Bd7 41. Ng3 Kd6 42. Kxe3 Kd5 43. h4 a5 44. h5 h6 45. Ne4 Ke5 46. d4+ Kxf5
47. Nd6+ Kg4 48. Ne4 Kf5 49. Ng3+ Ke6 50. Ke4 Bc6+ 51. Kf4 Be8 52. Ke4 Bf7 53.
Nf5 Kd7 54. Nxh6 Bxh5 55. d5 Bg6+ 56. Kd4 Kd6 57. Ng4 f5 58. Ne5 Bh5 59. Nc4+
Kc7 60. Ke5 Bf7 61. Ne3 Bg6 62. d6+ Kd7 63. Nd5 Kd8 64. Nb6 Bh7 65. Nxa4 Kd7
66. Nc5+ Kc6 67. Ne6 Bg8 68. Nd4+ Kd7 69. Nxf5 Be6 70. Nd4 Bg4 71. Nb3 a4 72.
Nc5+ Kc6 73. Nxa4 Kb5 74. Nc3+ Kc4 75. Ne2 Bd7 76. Nd4 Kb4 77. Kf6 Kc5 78. Ke7
Bc8 79. Nc2 Bf5 80. b4+ Kb6 81. d7 1-0

[Event "XXXV Memorial Edoardo Crespi A"]
[Site "Milano ITA"]
[Date "2014.12.08"]
[Round "6"]
[White "Botta, Massimiliano"]
[Black "Bisignano, Giuseppe"]
[WhiteElo "1786"]
[BlackElo "1850"]
[Result "1-0"]
[PlyCount "101"]
[EventDate "2014.12.04"]

1. e4 e5 2. Nf3 Nc6 3. Bb5 a6 4. Ba4 Nf6 5. d3 Bc5 6. O-O b5 7. Bb3 h6 8. c3
Bb6 9. Nbd2 O-O 10. Re1 d6 11. Nf1 Na5 12. Bc2 c5 13. Ng3 Be6 14. h3 Nc6 15.
Bd2 Qc7 16. Qe2 Rfe8 17. Nh4 Ne7 18. Nh5 Nxh5 19. Qxh5 Kh7 20. Re3 g6 21. Qe2
g5 22. Nf5 Nxf5 23. exf5 Bxf5 24. g4 Bg6 25. h4 gxh4 26. Rh3 Qe7 27. Kg2 e4 28.
dxe4 Bxe4+ 29. Bxe4+ Qxe4+ 30. Qxe4+ Rxe4 31. Rxh4 f6 32. Rah1 Kg7 33. Bxh6+
Kf7 34. Be3 d5 35. Rh7+ Ke6 36. Kf3 Rg8 37. g5 Rg6 38. R1h6 Kf5 39. Rxg6 Kxg6
40. Rh6+ Kg7 41. Rxf6 Ba7 42. Rxa6 Re7 43. Rc6 d4 44. Bd2 d3 45. b3 Rf7+ 46.
Rf6 c4 47. Rxf7+ Kxf7 48. bxc4 bxc4 49. Ke4 Bxf2 50. Kd5 Kg6 51. Kxc4 1-0

[Event "XXXV Memorial Edoardo Crespi A"]
[Site "Milano ITA"]
[Date "2014.12.08"]
[Round "6"]
[White "Burani, Eugenio"]
[Black "Giaretta, Fulvio"]
[WhiteElo "1837"]
[BlackElo "1815"]
[Result "0-1"]
[PlyCount "92"]
[EventDate "2014.12.04"]

1. e4 e5 2. Nf3 Nc6 3. Bc4 Nf6 4. d3 Be7 5. O-O O-O 6. a4 d6 7. h3 Na5 8. Ba2
c5 9. Nbd2 Qc7 10. Re1 Bd7 11. Nf1 h6 12. Ng3 Rfe8 13. Nf5 Bxf5 14. exf5 Nc6
15. c3 d5 16. Nh2 Rad8 17. Ng4 Kh7 18. Nxf6+ Bxf6 19. Qf3 Qd7 20. g4 e4 21.
dxe4 Ne5 22. Qg2 dxe4 23. Rf1 Nf3+ 24. Kh1 a5 25. Be3 b6 26. Bb1 Qc6 27. Bc2
Be5 28. g5 hxg5 29. Qg4 Bf6 30. Bd1 Qd6 31. Bxf3 exf3 32. Qxf3 Qd5 33. Qxd5
Rxd5 34. Rad1 Red8 35. Rxd5 Rxd5 36. Rc1 Rxf5 37. b4 axb4 38. cxb4 cxb4 39. Rb1
Be7 40. Bxb6 Rf3 41. Re1 Bd6 42. Be3 Rxh3+ 43. Kg2 Rh4 44. a5 b3 45. Rb1 Ra4
46. Rxb3 Rxa5 0-1

[Event "XXXV Memorial Edoardo Crespi A"]
[Site "Milano ITA"]
[Date "2014.12.08"]
[Round "6"]
[White "Calcagno, Stefano"]
[Black "Lavorgna, Giovanni"]
[WhiteElo "1828"]
[BlackElo "1961"]
[Result "1-0"]
[PlyCount "79"]
[EventDate "2014.12.04"]

1. d4 d5 2. c4 e6 3. Nf3 Nf6 4. g3 Be7 5. Bg2 O-O 6. O-O dxc4 7. Ne5 Nc6 8.
Nxc6 bxc6 9. Bxc6 Rb8 10. Bg2 Bb7 11. Nc3 Bxg2 12. Kxg2 Qd7 13. e3 c5 14. dxc5
Qc6+ 15. Qf3 Qxc5 16. Rd1 Qc8 17. Rd4 e5 18. Rd1 Rb6 19. e4 Rd8 20. Qe2 Rxd1
21. Qxd1 Qb7 22. Qe2 Bb4 23. f3 Bxc3 24. bxc3 h6 25. Qxc4 Rc6 26. Qb4 Qa6 27.
Be3 Qd3 28. Bxa7 Rxc3 29. Rf1 Ra3 30. Rf2 Kh7 31. Bc5 Rc3 32. Be7 Rc4 33. Qd6
Rd4 34. Qxe5 Nd7 35. Qf5+ Kg8 36. a3 g6 37. Qa5 Kg7 38. Bb4 Qc4 39. Bc3 Nc5 40.
Qb4 1-0

[Event "XXXV Memorial Edoardo Crespi A"]
[Site "Milano ITA"]
[Date "2014.12.08"]
[Round "6"]
[White "Casartelli, Fabio"]
[Black "Villalba, Fernando"]
[WhiteElo "1847"]
[BlackElo "1848"]
[Result "0-1"]
[PlyCount "98"]
[EventDate "2014.12.04"]

1. e4 c5 2. Nf3 Nc6 3. Nc3 g6 4. d4 cxd4 5. Nxd4 Bg7 6. Be3 Nf6 7. Be2 O-O 8.
Qd2 d5 9. O-O-O dxe4 10. Nxc6 Qxd2+ 11. Rxd2 bxc6 12. Rhd1 Be6 13. Kb1 a5 14.
Bc5 Rfe8 15. f3 exf3 16. Bxf3 Rac8 17. Bb6 a4 18. Rd8 Nd5 19. Rxe8+ Rxe8 20.
Nxd5 cxd5 21. Bd4 Bh6 22. b4 axb3 23. axb3 Rc8 24. Rd3 Bf4 25. g3 Bd6 26. Rc3
Rb8 27. Rc6 h5 28. Rb6 Rc8 29. Kb2 Bf5 30. c3 Ra8 31. b4 Be6 32. Rb5 h4 33. c4
hxg3 34. c5 Bf4 35. hxg3 Bxg3 36. Ra5 Rb8 37. Kb3 Be1 38. Be5 Rxb4+ 39. Ka3 f6
40. Ra8+ Kf7 41. Bg3 Bc3 42. c6 Rc4 43. c7 d4 44. Rd8 Bb4+ 45. Kb3 Ba5 46. Bd5
Rc3+ 47. Kb2 Bxc7 48. Bxc7 Rxc7 49. Be4 Rd7 0-1

[Event "XXXV Memorial Edoardo Crespi A"]
[Site "Milano ITA"]
[Date "2014.12.08"]
[Round "6"]
[White "Cordi', Domenico"]
[Black "Marinc, Damir"]
[WhiteElo "2033"]
[BlackElo "2049"]
[Result "0-1"]
[PlyCount "108"]
[EventDate "2014.12.04"]

1. d4 d5 2. Nf3 Nf6 3. c4 c6 4. cxd5 cxd5 5. Nc3 Nc6 6. Bf4 Ne4 7. e3 Nxc3 8.
bxc3 e6 9. Bd3 Bd6 10. Bg3 O-O 11. O-O Bxg3 12. hxg3 Qa5 13. Qc2 h6 14. Rfb1
Qa3 15. Qb2 Qxb2 16. Rxb2 b6 17. Nd2 Bb7 18. c4 dxc4 19. Nxc4 Ba6 20. Bf1 Bxc4
21. Bxc4 Rad8 22. Rc1 Na5 23. Ba6 f5 24. Rbc2 Rf7 25. Rc7 Rdd7 26. Rc8+ Rf8 27.
Bb5 Re7 28. R8c7 Rff7 29. Rc8+ Rf8 30. Kf1 Rxc8 31. Rxc8+ Kf7 32. Ke2 Nb7 33.
Ba6 Nd6 34. Rc2 Ke8 35. Kf3 Kd8 36. g4 Rf7 37. gxf5 Rxf5+ 38. Ke2 Rg5 39. g3
Ra5 40. Bd3 Ra4 41. g4 Rb4 42. f4 Ra4 43. Kf3 Ra3 44. Rd2 a5 45. f5 Ke7 46. Kf4
b5 47. e4 Ra4 48. Bf1 Nc4 49. Rc2 exf5 50. gxf5 Nd6 51. Rc7+ Kf8 52. Ke5 Nc4+
53. Ke6 Kg8 54. Rc8+ Kh7 $138 0-1

[Event "XXXV Memorial Edoardo Crespi A"]
[Site "Milano ITA"]
[Date "2014.12.08"]
[Round "6"]
[White "Ferrari, Claudio"]
[Black "Mouflih, Caesar Faycal"]
[WhiteElo "1969"]
[BlackElo "2023"]
[Result "0-1"]
[PlyCount "74"]
[EventDate "2014.12.04"]

1. e4 e5 2. Nf3 Nc6 3. Bc4 Bc5 4. b4 Bxb4 5. c3 Be7 6. d4 Na5 7. Bd3 d6 8. dxe5
dxe5 9. Nxe5 Nf6 10. O-O O-O 11. Qc2 c5 12. c4 Qc7 13. f4 Be6 14. Nc3 a6 15.
Nd5 Bxd5 16. exd5 b5 17. Rf3 bxc4 18. Nxc4 Nxc4 19. Bxc4 Rfd8 20. Rh3 h6 21.
Qd3 Qd6 22. Rg3 Nxd5 23. Bb2 Bf6 24. Qxd5 Qxd5 25. Bxf6 Qxc4 26. Rxg7+ Kf8 27.
Rh7 Ke8 28. Rh8+ Kd7 29. Rd1+ Kc6 30. Bxd8 Qc2 31. Rxh6+ Kb5 32. Rb6+ Kc4 33.
Rbd6 Rc8 34. R6d2 Qc3 35. Bg5 Qe3+ 36. Kh1 Re8 37. h3 Kb5 0-1

[Event "XXXV Memorial Edoardo Crespi A"]
[Site "Milano ITA"]
[Date "2014.12.08"]
[Round "6"]
[White "Laurino, Alberto"]
[Black "Monticone, Sonia"]
[WhiteElo "1770"]
[BlackElo "1902"]
[Result "1/2-1/2"]
[PlyCount "147"]
[EventDate "2014.12.04"]

1. e4 c5 2. Nf3 e6 3. d4 cxd4 4. Nxd4 a6 5. Nc3 Qc7 6. a3 Nf6 7. Be2 Nc6 8. Be3
b5 9. Qd2 Bb7 10. Bf3 Ne5 11. Qe2 Nxf3+ 12. Qxf3 b4 13. axb4 Bxb4 14. Bd2 Bxc3
15. Bxc3 Nxe4 16. Ne2 Nxc3 17. Qxc3 Qxc3+ 18. Nxc3 O-O 19. O-O Rfc8 20. Rfd1 d5
21. Rd2 Bc6 22. Ne2 e5 23. c3 Rd8 24. f3 f6 25. Kf2 Kf7 26. g4 a5 27. Ke3 a4
28. h4 Re8 29. Kf2 e4 30. Ke3 exf3+ 31. Kxf3 d4+ 32. Kf2 dxc3 33. Nxc3 Re6 34.
Rd4 Rb8 35. Rb1 Rbe8 36. Rbd1 Re3 37. R1d3 Rxd3 38. Rxd3 Rb8 39. Rd2 Rb3 40.
Ne2 Rb4 41. Kg3 Ke7 42. Nf4 Rb3+ 43. Kh2 Rb5 44. Kg3 Rb3+ 45. Kh2 Rf3 46. Nd3
Bd7 47. Nf2 Re3 48. Rc2 Kd6 49. Rd2+ Ke7 50. Rc2 Bb5 51. Kg2 Re2 52. Rxe2+ Bxe2
53. Kg3 Bc4 54. Kf4 g6 55. h5 gxh5 56. gxh5 h6 57. Ng4 Be2 58. Nxh6 Bxh5 59.
Nf5+ Kf7 60. Ne3 Ke6 61. Ke4 Be2 62. Nc2 f5+ 63. Ke3 Bd1 64. Nd4+ Ke5 65. Nc6+
Kf6 66. Nd4 Kg5 67. Ne6+ Kg4 68. Nf4 Bb3 69. Nd3 Bc2 70. Nf4 Kg5 71. Ne6+ Kf6
72. Nf4 Kg5 73. Ne6+ Kf6 74. Nf4 1/2-1/2

[Event "XXXV Memorial Edoardo Crespi A"]
[Site "Milano ITA"]
[Date "2014.12.08"]
[Round "6"]
[White "Miracola, Giorgia"]
[Black "Moreschi, Mauro"]
[WhiteElo "1856"]
[BlackElo "1795"]
[Result "1-0"]
[PlyCount "67"]
[EventDate "2014.12.04"]

1. Nf3 Nf6 2. g3 b6 3. Bg2 Bb7 4. d3 d5 5. O-O e6 6. Nbd2 Be7 7. c4 c6 8. b3
O-O 9. Bb2 Nbd7 10. Rc1 Rc8 11. Qc2 h6 12. e4 dxe4 13. dxe4 Nc5 14. e5 Nh7 15.
Nd4 Qc7 16. f4 Rfd8 17. a3 Nf8 18. b4 Ncd7 19. Ne4 a6 20. c5 bxc5 21. bxc5 Ba8
22. Nd6 Bxd6 23. exd6 Qa7 24. Kh1 Nf6 25. f5 Nd5 26. Qd2 Qd7 27. Rce1 Re8 28.
f6 g5 29. Qe2 Rb8 30. Ba1 Bb7 31. Qh5 Kh7 32. Be4+ Ng6 33. Nf3 Nxf6 34. Bxf6
1-0

[Event "XXXV Memorial Edoardo Crespi A"]
[Site "Milano ITA"]
[Date "2014.12.08"]
[Round "6"]
[White "Montaruli, Roberto"]
[Black "Ciciotti, Augusto"]
[WhiteElo "1835"]
[BlackElo "1880"]
[Result "0-1"]
[PlyCount "42"]
[EventDate "2014.12.04"]

1. d4 Nf6 2. Nc3 g6 3. e4 d6 4. f4 Bg7 5. Nf3 Bg4 6. e5 Nfd7 7. h3 Bxf3 8. Qxf3
c6 9. Bd3 Qb6 10. Be3 d5 11. f5 Qxb2 12. Kd2 b6 13. e6 fxe6 14. fxg6 Rf8 15.
Qg4 e5 16. a3 exd4 17. Bxd4 Rf2+ 18. Bxf2 Qxc3+ 19. Ke2 Qe5+ 20. Kf3 Qf6+ 21.
Kg3 Qd6+ 0-1

[Event "XXXV Memorial Edoardo Crespi A"]
[Site "Milano ITA"]
[Date "2014.12.08"]
[Round "6"]
[White "Nordio, Giorgio"]
[Black "Donadi, Luca"]
[WhiteElo "1766"]
[BlackElo "1785"]
[Result "1/2-1/2"]
[PlyCount "31"]
[EventDate "2014.12.04"]

1. c4 Nf6 2. g3 e5 3. Bg2 d5 4. cxd5 Nxd5 5. Nc3 Nb6 6. Nf3 Nc6 7. O-O Be7 8.
d3 O-O 9. b3 f5 10. Bb2 Bf6 11. a3 Be6 12. b4 Qd7 13. Nd2 a6 14. Na4 Nxa4 15.
Qxa4 Bd5 16. Qd1 1/2-1/2

[Event "XXXV Memorial Edoardo Crespi A"]
[Site "Milano ITA"]
[Date "2014.12.08"]
[Round "6"]
[White "Pecorario, Stefano"]
[Black "Valdettaro, Filippo"]
[WhiteElo "1877"]
[BlackElo "1750"]
[Result "1-0"]
[PlyCount "71"]
[EventDate "2014.12.04"]

1. e4 e6 2. Nf3 d5 3. e5 c5 4. b4 c4 5. a3 a5 6. b5 Nd7 7. d3 cxd3 8. cxd3 f6
9. d4 Qc7 10. Bf4 Ne7 11. Bd3 Ng6 12. Bg3 fxe5 13. Bxg6+ hxg6 14. Ng5 Nf6 15.
O-O Bd6 16. Nf3 e4 17. Bxd6 Qxd6 18. Ne5 Nd7 19. f4 Nxe5 20. fxe5 Qe7 21. Qg4
Rh6 22. g3 Bd7 23. a4 Rc8 24. Ra2 Qb4 25. Raf2 Qxd4 26. Qf4 Rh8 27. Kh1 Kd8 28.
Qg5+ Kc7 29. Qe7 Rcd8 30. Qd6+ Kc8 31. Rc2+ Bc6 32. Qxe6+ Kb8 33. bxc6 bxc6 34.
Qxc6 Rc8 35. Qb5+ Ka7 36. Rf7+ 1-0

[Event "XXXV Memorial Edoardo Crespi A"]
[Site "Milano ITA"]
[Date "2014.12.08"]
[Round "6"]
[White "Piantoni, Pierino"]
[Black "Primerano, Carlo"]
[WhiteElo "1889"]
[BlackElo "1719"]
[Result "1-0"]
[PlyCount "47"]
[EventDate "2014.12.04"]

1. c4 Nf6 2. g3 e6 3. Bg2 d5 4. Nf3 c6 5. b3 g6 6. O-O Bg7 7. Ba3 Nbd7 8. d4
Ne4 9. cxd5 exd5 10. Nbd2 Qa5 11. Qc1 Bf8 12. Bxf8 Kxf8 13. Nxe4 dxe4 14. Qh6+
Ke8 15. Nd2 Qb4 16. Nxe4 Qf8 17. Qf4 f5 18. Nd6+ Ke7 19. Rae1 Nb6 20. e4 Kd8
21. exf5 Bxf5 22. Nxb7+ Kd7 23. Nc5+ Kc8 24. Bxc6 1-0

[Event "XXXV Memorial Edoardo Crespi A"]
[Site "Milano ITA"]
[Date "2014.12.16"]
[Round "6"]
[White "Quagliarella, Sabino Remo"]
[Black "Dei Giudici, Paolo"]
[WhiteElo "1848"]
[BlackElo "1761"]
[Result "1-0"]
[PlyCount "51"]
[EventDate "2014.12.04"]

1. d4 d5 2. c4 c6 3. Nf3 e6 4. Nc3 dxc4 5. e4 b5 6. e5 Bb4 7. Bd2 Bxc3 8. bxc3
Bb7 9. Be2 Ne7 10. Ng5 c5 11. Bf3 Nbc6 12. Ne4 O-O 13. Nxc5 Qc7 14. Nxb7 Qxb7
15. O-O a5 16. Qc2 f5 17. exf6 Rxf6 18. Bg5 Rf7 19. Qe4 Ra6 20. Qxe6 Qa7 21.
Qe4 b4 22. Be3 Qc7 23. d5 Ne5 24. Be2 Nf5 25. Bf4 Qe7 26. Qxe5 1-0

[Event "XXXV Memorial Edoardo Crespi A"]
[Site "Milano ITA"]
[Date "2014.12.08"]
[Round "6"]
[White "Ranfagni, Stefano"]
[Black "Baronio, Gaia"]
[WhiteElo "2016"]
[BlackElo "1792"]
[Result "1-0"]
[PlyCount "79"]
[EventDate "2014.12.04"]

1. e4 c6 2. c4 d5 3. exd5 cxd5 4. d4 Nf6 5. Nc3 Nc6 6. Nf3 Bg4 7. Be2 e6 8. Be3
Be7 9. O-O O-O 10. c5 Rc8 11. a3 a5 12. Na4 Nd7 13. Rb1 Bxf3 14. Bxf3 b6 15. b4
Na7 16. Bf4 Bf6 17. Bd6 Re8 18. cxb6 Nxb6 19. Nxb6 Qxb6 20. Bc5 Qc7 21. b5 Qb7
22. Qd2 Bd8 23. Rfe1 Bb6 24. Qd3 Rc7 25. Bxd5 Qxd5 26. Bxb6 Rb7 27. Bxa7 Rxa7
28. Qc3 Qb7 29. Rec1 h6 30. h3 Rb8 31. a4 Qb6 32. Qc5 Rab7 33. Rb2 Qd8 34. Rbc2
Rd7 35. Rc4 Rd5 36. Qa7 Ra8 37. Qxa8 Qxa8 38. Rc8+ Rd8 39. Rxa8 Rxa8 40. Rc7
1-0

[Event "XXXV Memorial Edoardo Crespi A"]
[Site "Milano ITA"]
[Date "2014.12.08"]
[Round "6"]
[White "Regorda, Vittorio"]
[Black "Beltrami, Francesco"]
[WhiteElo "1780"]
[BlackElo "1849"]
[Result "1/2-1/2"]
[PlyCount "69"]
[EventDate "2014.12.04"]

1. d4 Nf6 2. c4 e6 3. Nf3 b6 4. g3 Bb7 5. Bg2 c5 6. e3 Nc6 7. O-O Qc7 8. b3
cxd4 9. exd4 d5 10. Bf4 Bd6 11. Bxd6 Qxd6 12. Nc3 dxc4 13. bxc4 Na5 14. Nb5 Qd8
15. c5 bxc5 16. dxc5 Qxd1 17. Rfxd1 O-O 18. Ne5 Bxg2 19. Kxg2 Nd5 20. Rac1 f6
21. Nc4 a6 22. Nd4 Nxc4 23. Rxc4 Nc7 24. Nc6 Nd5 25. Nb4 Nxb4 26. Rxb4 Rfc8 27.
Rc4 Ra7 28. Rd6 Kf7 29. Rb6 Rac7 30. c6 a5 31. Rb7 Ke7 32. Rd4 Rxb7 33. cxb7
Rb8 34. Ra4 Rxb7 35. Rxa5 1/2-1/2